The chemical reactor omnibook

Saved in:
Bibliographic Details
Main Author: Levenspiel, Octave (Author)
Format: Book
Language:English
Published: Columbus OSU Book Stores 1996
Subjects:
Tags: Add Tag
No Tags, Be the first to tag this record!

MARC

LEADER 00000nam a2200000 a 4500
001 UCP1761
003 CL-VaPUC
008 990426e19960000us |||||||||||||||||eng|d
082 0 4 |a 541.39  |b LEV  |2 21 
100 |a Levenspiel, Octave  |e author  |9 601209 
245 1 4 |a The chemical reactor omnibook 
300 |a pág. irreg 
942 |c BK 
945 |d 19990426 00:00:00  |a rbrito 
260 |a Columbus  |b OSU Book Stores  |c 1996 
650 0 |a Reactores químicos   |9 264019 
650 0 |a Reacciones químicas  |9 259438 
650 0 |a Catálisis  |9 259915 
650 7 |a REACTORES CATALITICO  |2 CL-VaPUC  |9 427969 
650 7 |a KINESIS  |2 CL-VaPUC  |9 427970 
650 7 |a REACCIONES DE SOLIDOS  |2 CL-VaPUC  |9 427971 
650 0 |a Enzimas  |9 262984 
650 0 |a Fermentación  |9 259565 
583 |a last modification  |c 20171130 06:00:07  |k Rodrigo Vera 
999 |c 280402  |d 280400 
952 |0 0  |1 0  |4 0  |6 541_390000000000000_LEV_1996  |7 0  |8 A  |9 320685  |a BIBING  |b BIBING  |d 2019-11-20  |i 349702K  |o 541.39 LEV 1996  |p 349702K  |r 2025-01-20  |w 2019-11-20  |y BK  |k EIB 
952 |0 0  |1 0  |4 0  |6 541_390000000000000_LEV_1996  |7 0  |8 A  |9 320686  |a BIBING  |b BIBING  |d 2019-11-20  |i 3497038  |o 541.39 LEV 1996  |p 3497038  |r 2025-01-20  |w 2019-11-20  |y BK  |k EIB